000
00397nam a2200145Ia 4500
008
100204s9999 xx 000 0 und d
082
_b
7663
100
_a
अभ्यंकर कुसुम
245
_a
परीस
260
_b
"शशीदीप प्रकाशन , पुणे"
_c
1985
300
_a
196
630
_a
परीस
730
_a
परीस
942
_c
BOOK
999
_c
452099
_d
452096